|
|
|
|
| LEADER |
00000nam a22000007a 4500 |
| 005 |
20190905000422.0 |
| 007 |
cr|||| |||| |
| 008 |
190905s2018 pe |||||s|||| 00||0 spa d |
| 020 |
|
|
|a 978-612-46979-1-3
|
| 035 |
|
|
|a 24759
|
| 040 |
|
|
|a vLex
|
| 090 |
|
|
|c 9406
|d 9406
|
| 100 |
1 |
|
|a Acosta Alvarez de Hoyle, Gloria Mara̕
|
| 245 |
1 |
0 |
|a Temas de proteccin̤ al consumidor y regulacin̤ financiera
|h [Recurso electrn̤ico] /
|c Gloria Mara̕ Acosta Alvarez de Hoyle
|
| 256 |
|
|
|a Servicio en ln̕ea
|
| 260 |
|
|
|a Lima:
|b Pontificia Universidad Catolica del Peru,
|c 2018
|
| 300 |
|
|
|a 1 recurso electrn̤ico
|
| 506 |
1 |
|
|a Disponible solo en los productos indicados
|d vLex Global
|d vLex Global (Academic Edition, excluding Law Schools)
|d vLex Global (U.S. Academic Edition, Law Schools)
|d vLex Global (U.S. Academic Edition, excluding Law Schools)
|d vLex Global (Academic Edition, Law Schools)
|
| 650 |
0 |
4 |
|a Consumidores Usuarios
|z Per︢
|
| 650 |
0 |
4 |
|a Financiero
|z Per︢
|
| 740 |
0 |
|
|a vLex Libros (Servicio en ln̕ea)
|
| 856 |
4 |
0 |
|u http://vlex.com/source/temas-de-proteccion-al-consumidor-y-regulacion-financiera-24759
|z Acceso restringido
|
| 942 |
|
|
|c BOOK
|
| 999 |
0 |
|
|a Consumer Users
|
| 999 |
0 |
|
|a Financial
|